Advocating for English learners A guide for educators

Saved in:
Bibliographic Details
Main Author: FENNER, Diane Staehr
Format: Book
Language:English
Published: Corwin Books 2014
Tags: Add Tag
No Tags, Be the first to tag this record!

MARC

LEADER 00000nam a22000007a 4500
008 210126b ||||| |||| 00| 0 eng d
020 |a 978-1-4522-5769-3 
100 |a FENNER, Diane Staehr. 
245 |a Advocating for English learners  |b A guide for educators  |c Diane Staehr Fenner  |g xix: 238p.; ill. 
260 |b Corwin Books  |c 2014  |h Thousand Oaks, California  |i 692261  |i 692262  |l PE1128 .A2F36  |m English language – Study and teaching – Foreign speakers.  |m English teachers – Training of. 
942 |a lcc  |c BK  |e YUNUSA, A.A.  |f 26/01/2021 
952 |0 0  |1 0  |2 lcc  |4 0  |6 PE1128 A2 F36  |7 0  |9 1968  |a HOL  |b ED  |c LP  |d 2021-01-26  |l 0  |o PE1128 .A2F36   |p 2021-5829  |r 2021-01-26 00:00:00  |w 2021-01-26  |y BK 
952 |0 0  |1 0  |2 lcc  |4 0  |6 PE1128 A2 F36  |7 0  |9 1969  |a HOL  |b HOL  |c LP  |d 2021-01-26  |l 0  |o PE1128 .A2F36   |p 2021-5830  |r 2021-01-26 00:00:00  |w 2021-01-26  |y BK 
999 |c 1030  |d 1030